| 000 | 00969nam a2200253 a 4500 | ||
|---|---|---|---|
| 001 | 000025159 | ||
| 005 | 20200930023609.0 | ||
| 008 | 110210s1997 mx a r 000 0 spa d | ||
| 020 | _a9684442432 | ||
| 040 |
_aDO-SdBNP _bspa _cBNPHU |
||
| 082 |
_a070.4 _bB456e |
||
| 100 | 1 |
_aBenavides Ledesma, José Luis _951605 |
|
| 245 | 1 | 0 |
_aEscribir en prensa : _bredacción informativa e interpretativa / _cJosé Luis Benavides Ledesma, Carlos Quintero Herrera ; editora Marisela Ortiz Carrillo. |
| 260 |
_aMéxico, D. F. : _bAlhambra Mexicana, _c1997. |
||
| 300 |
_a295, [1] p. : _bil. ; _c23 cm. |
||
| 504 | _aIncluye referencias bibliográficas (p. 291-295) | ||
| 650 | 4 |
_aPeriodismo _xArte de escribir _927 |
|
| 650 | 4 |
_aRedacción informativa e interpretativa _951606 |
|
| 650 | 4 |
_aRedacción de escritos técnicos _91600 |
|
| 650 | 4 |
_aPeriódicos _951607 |
|
| 700 | 1 |
_aQuintero Herrera, Carlos _951608 |
|
| 700 | 1 |
_aOrtiz Carrillo, Marisela _eed. _951609 |
|
| 049 | _aBNGR | ||
| 999 |
_c24652 _d24652 |
||